El crepúsculo de la cultura americana / (Record no. 22230)
[ view plain ]
| 000 -CABECERA | |
|---|---|
| campo de control de longitud fija | 01172nam a22003137a 4500 |
| 003 - IDENTIFICADOR DEL NÚMERO DE CONTROL | |
| campo de control | OSt |
| 005 - FECHA Y HORA DE LA ÚLTIMA TRANSACCIÓN | |
| campo de control | 20260601193901.0 |
| 008 - DATOS DE LONGITUD FIJA--INFORMACIÓN GENERAL | |
| campo de control de longitud fija | 260507b2011 mx a|||| |||| 00| 0 spa d |
| 020 ## - NÚMERO INTERNACIONAL ESTÁNDAR DEL LIBRO | |
| Número Internacional Estándar del Libro | 9786077781219 |
| 040 ## - FUENTE DE LA CATALOGACIÓN | |
| Centro catalogador/agencia de origen | ICI |
| Lengua de catalogación | spa |
| Centro/agencia transcriptor | ICI |
| 041 ## - CÓDIGO DE LENGUA | |
| Código de lengua del texto/banda sonora o título independiente | spa |
| -- | eng |
| 050 ## - SIGNATURA TOPOGRÁFICA DE LA BIBLIOTECA DEL CONGRESO | |
| Número de clasificación | E169.12 |
| Número de documento/Ítem | B4718 2011 |
| 100 #1 - ENTRADA PRINCIPAL--NOMBRE DE PERSONA | |
| Nombre de persona | Berman, Morris, |
| Fechas asociadas al nombre | 1944- |
| Término indicativo de función/relación | autor |
| 9 (RLIN) | 33837 |
| 240 #1 - TÍTULO UNIFORME | |
| Título uniforme | Twilight of American culture. |
| Lenguaje de la obra | español |
| 245 #1 - MENCIÓN DE TÍTULO | |
| Título | El crepúsculo de la cultura americana / |
| Mención de responsabilidad, etc. | Morris Berman ; traducción Eduardo Rabasa |
| 250 ## - MENCIÓN DE EDICIÓN | |
| Mención de edición | cuarta edición |
| 264 ## - PRODUCCIÓN, PUBLICACIÓN, DISTRIBUCIÓN, FABRICACIÓN Y COPYRIGHT | |
| Producción, publicación, distribución, fabricación y copyright | México, D.F. : |
| Nombre del de productor, editor, distribuidor, fabricante | Sexto Piso, |
| Fecha de producción, publicación, distribución, fabricación o copyright | 2011 |
| 300 ## - DESCRIPCIÓN FÍSICA | |
| Extensión | 222 páginas |
| 500 ## - NOTA GENERAL | |
| Nota general | Traducción de: Twilight of American culture |
| 650 ## - PUNTO DE ACCESO ADICIONAL DE MATERIA--TÉRMINO DE MATERIA | |
| Término de materia o nombre geográfico como elemento de entrada | Cultura popular |
| Subdivisión geográfica | Estados Unidos |
| 9 (RLIN) | 33838 |
| 650 ## - PUNTO DE ACCESO ADICIONAL DE MATERIA--TÉRMINO DE MATERIA | |
| Término de materia o nombre geográfico como elemento de entrada | Corporaciones |
| Subdivisión geográfica | Estados Unidos |
| 9 (RLIN) | 33839 |
| 650 ## - PUNTO DE ACCESO ADICIONAL DE MATERIA--TÉRMINO DE MATERIA | |
| Término de materia o nombre geográfico como elemento de entrada | Sociedad de masas |
| 9 (RLIN) | 33840 |
| 650 ## - PUNTO DE ACCESO ADICIONAL DE MATERIA--TÉRMINO DE MATERIA | |
| Término de materia o nombre geográfico como elemento de entrada | Vida monástica y religiosa |
| Subdivisión general | Historia |
| Subdivisión cronológica | Edad media, 600-1500 |
| 9 (RLIN) | 33841 |
| 650 ## - PUNTO DE ACCESO ADICIONAL DE MATERIA--TÉRMINO DE MATERIA | |
| Término de materia o nombre geográfico como elemento de entrada | Educación humanística |
| Subdivisión general | Filosofía |
| Subdivisión geográfica | Estados Unidos |
| 9 (RLIN) | 33842 |
| 651 ## - PUNTO DE ACCESO ADICIONAL DE MATERIA--NOMBRE GEOGRÁFICO | |
| Nombre geográfico | Estados Unidos |
| Subdivisión general | Civilización |
| Subdivisión cronológica | 1970- |
| 9 (RLIN) | 33843 |
| 651 ## - PUNTO DE ACCESO ADICIONAL DE MATERIA--NOMBRE GEOGRÁFICO | |
| Nombre geográfico | Estados Unidos |
| Subdivisión general | Condiciones sociales |
| Subdivisión cronológica | 1980- |
| 9 (RLIN) | 33844 |
| 700 #1 - PUNTO DE ACCESO ADICIONAL--NOMBRE DE PERSONA | |
| Nombre de persona | Rabasa, Eduardo, |
| Término indicativo de función/relación | traductor |
| 9 (RLIN) | 33845 |
| 942 ## - ELEMENTOS DE PUNTO DE ACCESO ADICIONAL (KOHA) | |
| Fuente del sistema de clasificación o colocación | Library of Congress Classification |
| Tipo de ítem Koha | Libros |
| Suprimir en OPAC | 1 |
| Estado de retiro | Estado de pérdida | Fuente del sistema de clasificación o colocación | Estado dañado | No para préstamo | Localización permanente | Ubicación/localización actual | Fecha de adquisición | Total de préstamos | Signatura topográfica completa | Código de barras | Fecha visto por última vez | Número de copia | Precio válido a partir de | Tipo de ítem Koha |
|---|---|---|---|---|---|---|---|---|---|---|---|---|---|---|
| El ejemplar forma parte de la colección y puede ser consultado según las políticas vigentes. | Library of Congress Classification | Biblioteca de Diseño Museo Franz Mayer | Biblioteca de Diseño Museo Franz Mayer | 07/05/2026 | E169.12 B4718 2011 | BDIMFM000497 | 07/05/2026 | Ej. 1 | 07/05/2026 | Libros |